| 000 | 00395nam a2200145Ia 4500 | ||
|---|---|---|---|
| 041 | _aArabic | ||
| 082 | _a260.8 cut-298 ا | ||
| 100 | _a20260118u\\\\\\\\\\\y0engy0103\\\\ba | ||
| 100 | _aبطرس ابو منه | ||
| 245 | 0 | _aدراسات حول مولانا خالد والخالدية | |
| 250 | _aط1 | ||
| 260 |
_bمطبعة اراس _aاربيل _c2009 |
||
| 300 | _a166 | ||
| 942 | _cBk | ||
| 999 |
_c190249 _d190249 |
||